Desafíos para el movimiento social ante la especulación con el hambre /

Bewaard in:
Bibliografische gegevens
Hoofdauteur: Dierckxsens, Wim
Formaat: Texto
Onderwerpen:
Tags: Voeg label toe
Geen labels, Wees de eerste die dit record labelt!

MARC

LEADER 00000 a a2200000 04500
001 11859
003
040
100 |a Dierckxsens, Wim  
245 |a Desafíos para el movimiento social ante la especulación con el hambre /  |c Wim Dierckxsens 
650 |a MOVIMIENTOS SOCIALES  
650 |a NEOLIBERAMISMO  
650 |a CRISIS ECONOMICA  
773 |g número 135; páginas 21-27  
999 |c 33237  |d 33237